AC/DC Singles Quiz - Statistics

General Stats
  • This quiz has been taken 20 times
  • The average score is 13 of 49
Answer Stats
Year Song % Correct
1981 Back in Black
94%
1990 Thunderstruck
81%
1979 Highway to Hell
75%
1982 For Those About to Rock
69%
1980 Hells Bells
69%
1976 T.N.T.
63%
1976 Dirty Deeds Done Dirt Cheap
56%
1981 Big Balls
50%
1976 It's a Long Way to the Top
50%
1990 Moneytalks
50%
1980 You Shook Me All Night Long
50%
1981 Rock and Roll Ain't Noise Pollution
44%
1977 Whole Lotta Rosie
44%
1986 Who Made Who
44%
1993 Big Gun
38%
1975 High Voltage
38%
1977 Let There Be Rock
38%
2008 Rock 'n' Roll Train
38%
1980 Touch Too Much
38%
1976 Jailbreak
31%
1978 Rock 'n' Roll Damnation
31%
2000 Stiff Upper Lip
31%
1979 Girls Got Rhythm
25%
1974 Can I Sit Next to You, Girl
19%
1977 Dog Eat Dog
19%
1983 Flick of the Switch
19%
1996 Cover You in Oil
13%
1996 Hail Caesar
13%
1995 Hard as a Rock
13%
1975 Love Song / Baby, Please Don't Go
13%
2014 Play Ball
13%
2014 Rock or Bust
13%
1986 Shake Your Foundations
13%
1991 Are You Ready
6%
2008 Big Jack
6%
1988 Heatseeker
6%
1982 Let's Get It Up
6%
1977 Love at First Feel
6%
1983 Nervous Shakedown
6%
2001 Safe in New York City
6%
1985 Sink the Pink
6%
1988 That's the Way I Wanna Rock 'n' Roll
6%
2009 Anything Goes
0%
1985 Danger
0%
1997 Dirty Eyes
0%
1983 Guns for Hire
0%
2009 Money Made
0%
2015 Rock the Blues Away
0%
2000 Satellite Blues
0%
No matching quizzes found
Score Distribution
Percent of People with Each Score
Percentile by Number Answered
Your Score History
You have not taken this quiz